La dominación perpetua de Bolivia: la visión chilena de Bolivia en el tratado de 1904
Spremljeno u:
| Glavni autor: | |
|---|---|
| Format: | Knjiga |
| Jezik: | španjolski |
| Izdano: |
La Paz
Plural
2005
|
| Teme: | |
| Oznake: |
Dodaj oznaku
Bez oznaka, Budi prvi tko označuje ovaj zapis!
|
MARC
| LEADER | 00000nam a2200000 a 4500 | ||
|---|---|---|---|
| 001 | UCK9698 | ||
| 003 | CL-VaPUC | ||
| 008 | 060519e20050000BO |||||||||||||||||spa|d | ||
| 020 | |a 9990563551 | ||
| 082 | 0 | 4 | |a 327.84083 |b ALB |2 21 |
| 100 | 0 | |a Albarracín Millán, Juan |e author |9 499524 | |
| 245 | 1 | 3 | |a La dominación perpetua de Bolivia: la visión chilena de Bolivia en el tratado de 1904 |
| 300 | |a 154 p | ||
| 942 | |c BK | ||
| 945 | |d 20060519 00:00:00 |a jtorresc | ||
| 260 | |a La Paz |b Plural |c 2005 | ||
| 650 | 0 | |a Diplomacia Boliviana |9 447164 | |
| 650 | 0 | |a Diplomacia Chilena |9 447165 | |
| 650 | 0 | |a Relaciones Internacionales |9 255740 | |
| 651 | 0 | |a Bolivia |9 255454 | |
| 651 | 7 | |a CHILE |2 CL-VaPUC |9 499525 | |
| 583 | |a last modification |c 20060519 00:00:00 |k Rodrigo Vera | ||
| 999 | |c 316766 |d 316764 | ||
| 952 | |0 0 |1 0 |4 0 |6 327_840830000000000_ALB_2005 |7 0 |8 A |9 391761 |a BIBHIS |b BIBHIS |d 2019-11-22 |i 4230566 |o 327.84083 ALB 2005 |p 4230566 |r 2025-01-20 |w 2019-11-22 |y BK |k HIS | ||